000 01457nam a2200253 4500
003 vecauma
005 20260414191710.0
007 ta
008 260414b ve ||||| |||| 00| 0 spa d
020 _a8480885521
040 _avecauma
_bspa
_cvecauma
_dvecauma
_erda
041 _aspa
100 1 _eautor
245 1 _aLiderando la revolución
_c/ Gary Hamel
264 _aEspaña:
_bGestión 2000, S.A.;
_c2000.
300 _a335 páginas.
336 _atexto
_btxt
_2rdacontenido
337 _ano mediado
_bn
_2rdamedio
338 _avolumen
_bnc
_2rdasoporte
505 0 _aHacia la revolución / Encontrando la revolución / Incendiando la revolución / Sosteniendo la revolución /
520 3 _aPrimero le quitarán sus clientes. Después le quitarán sus empleados. Y por último, le quitarán sus activos. Son los nuevos revolucionarios: Yahoo!, Ikea, eBay, Virgin y varias docenas más. Se están infiltrando en todos los sectores y por todo el planeta. Están derribando los viejos modelos empresariales para construir nuevos. Se basan en la imaginación y la innovación radical. ¿Está su empresa preparada para la revolución? ¿Lo está usted? Este no es un libro para conformistas. Es un libro que expone los pasos a implementar para liderar con éxito la revolución en su empresa. Liderando la revolución le mostrará el camino para cambiar el mundo.
942 1 _2lcc
_n0
_cBK
999 _c13366
_d13366